000 00433 a2200157 4500
003 OSt
005 20180116182706.0
008 160425b xxu||||| |||| 00| 0 eng d
020 _a0749442123
040 _c0
100 _aNicholas Ind
245 _aBeyond branding how thenew values of transparency and integirty are changing the world of brands
260 _aKundli
_c2004
300 _a236
942 _aNBS
_cBK
_k658.827 IND
_2ddc
999 _c344187
_d344187